00424nam a2200181Ia 4500008004000000041000800040082001200048100002100060245004600081260004300127440000700170650000800177650001800185650000700203650000600210650001200216650001400228210210b1932 xxu||||| |||| 00| 0 eng d aeng a824/266 aRALLI (Augustus) aHistory of Shakespearean criticism Vol II aLondonbOxford University Pressc1932 aII aVol aShakespearean aof aI aHistory acriticism